CS2-G2 Esports Historia rosteru - Statystyki

Ogólne statystyki
  • Ten quiz został rozwiązany 104 razy
    55 od ostatniego zresetowania
  • Średni wynik to 12 z 15
Statystyki odpowiedzi
Hint Odpowiedź % Poprawnych
(2020-10-28/2025-01-03) NiKo
98%
(2024-07-03/2025-07-11) Snax
98%
(active) huNter-
96%
(2022-01-03/2025-04-14) m0NESY
92%
(active) malbsMd
88%
(active) SunPayus
88%
coach (2023-12-11/2025-06-19) Taz
88%
(active) HeavyGod
86%
loan (2025-04-15/2025-06-18) hades
84%
(2023-11-21/2024-06-17) nexa
78%
(active) MATYS
75%
(coach) sAw
71%
(2022-08-16/2024-07-01) HooXi
69%
(2022-08-16/2023-11-21) jks
49%
coach (2023-01-20/2023-12-16) Swani
24%
Nie znaleziono quizów pasujących do podanych kryteriów
Rozkład punktacji
Procent ludzi z każdym wynikiem
Percentyl według liczby udzielonych odpowiedzi
Twoja historia wyników
Nie rozwiązałeś tego quizu od ostatniego zresetowania